[Event "Edmonton-ch"]
[Site "Edmonton CAN"]
[Date "2004.01.15"]
[Round "2"]
[White "Grumic, Sasha"]
[Black "Hughey, Micah"]
[Result "0-1"]
[WhiteElo "2180"]
[BlackElo "2051"]
[PlyCount "22"]
[GameId "2160767911208904"]
[EventDate "2004.01.08"]
[EventType "k.o."]
[EventRounds "4"]
[EventCountry "CAN"]
[SourceTitle "EXT 2006"]
[Source "ChessBase"]
[SourceDate "2005.11.24"]
[SourceVersion "1"]
[SourceVersionDate "2005.11.24"]
[SourceQuality "1"]

1. e4 e5 2. Nf3 Nc6 3. Bc4 Nf6 4. d4 exd4 5. Nxd4 Nxe4 6. Bxf7+ Kxf7 7. Qh5+ g6 8. Qd5+ Kg7 9. Qxe4 Bb4+ 10. Kf1 Re8 11. Nxc6 dxc6 0-1

[Event "Edmonton-ch"]
[Site "Edmonton CAN"]
[Date "2004.01.22"]
[Round "2.1"]
[White "Gardner, Robert"]
[Black "Rekhson, Vladislav"]
[Result "1-0"]
[WhiteElo "2260"]
[BlackElo "2020"]
[PlyCount "63"]
[GameId "2160767911208905"]
[EventDate "2004.01.08"]
[EventType "k.o."]
[EventRounds "4"]
[EventCountry "CAN"]

1. f4 e5 2. fxe5 d6 3. exd6 Bxd6 4. Nf3 g5 5. g3 g4 6. Nh4 Ne7 7. d4 Ng6 8. Nxg6 hxg6 9. Qd3 Nc6 10. c3 Bd7 11. Bg2 Qe7 12. Nd2 O-O-O 13. Ne4 Rh5 14. Nxd6+ Qxd6 15. Bf4 Qe7 16. d5 Bf5 17. Qe3 Qxe3 18. Bxe3 Ne7 19. O-O-O Rdh8 20. Bd4 R8h7 21. h4 gxh3 22. Bf3 Rg5 23. Bf6 Rxg3 24. Bxe7 g5 25. d6 Bd7 26. dxc7 f5 27. Rxd7 Kxd7 28. Rd1+ Kc8 29. Bd6 f4 30. Be4 Rf7 31. Be5 Rf8 32. Bf5+ 1-0

[Event "Edmonton-ch"]
[Site "Edmonton CAN"]
[Date "2004.01.22"]
[Round "2.1"]
[White "Li, Zhichao"]
[Black "Karmali, Hafiz"]
[Result "0-1"]
[WhiteElo "2296"]
[BlackElo "1887"]
[PlyCount "118"]
[GameId "2160767911208906"]
[EventDate "2004.01.08"]
[EventType "k.o."]
[EventRounds "4"]
[EventCountry "CAN"]

1. f4 Nf6 2. g3 d5 3. Bg2 g6 4. Nf3 Bg7 5. O-O O-O 6. d3 c5 7. Qe1 Bf5 8. Nbd2 d4 9. Nh4 Nd5 10. Nxf5 gxf5 11. Nb3 Qd6 12. Bd2 Nd7 13. c4 Ne3 14. Bxe3 dxe3 15. Qc1 a5 16. Rb1 Qc7 17. Na1 Bd4 18. Nc2 Nf6 19. Bf3 e5 20. fxe5 Qxe5 21. Nxd4 cxd4 22. Bxb7 Rab8 23. Bf3 Kh8 24. Kh1 Rg8 25. Rg1 Rb6 26. Qf1 Ng4 27. Bxg4 Rxg4 28. Qf3 h5 29. b3 Rh6 30. Qd5 Qxd5+ 31. cxd5 Rd6 32. Rgf1 Rxd5 33. Rf4 h4 34. h3 Rxf4 35. gxf4 Rc5 36. Rb2 Rc1+ 37. Kg2 Rd1 38. Kf3 Rf1+ 39. Kg2 Rxf4 40. b4 axb4 41. Rxb4 Rf2+ 42. Kg1 Rxe2 43. Rxd4 Rxa2 44. Rxh4+ Kg7 45. Kf1 Kf6 46. Rb4 Ke5 47. h4 f4 48. h5 Kf5 49. h6 Rh2 50. Re4 Rxh6 51. Re8 Kg4 52. Ke2 Rh2+ 53. Kd1 Kf3 54. d4 e2+ 55. Kd2 Kg3 56. d5 f3 57. Re3 Rh1 58. d6 Rd1+ 59. Kc2 Rxd6 0-1

[Event "Edmonton-ch"]
[Site "Edmonton CAN"]
[Date "2004.01.22"]
[Round "2.1"]
[White "Stark, Mark"]
[Black "Reeve, Jeff"]
[Result "0-1"]
[WhiteElo "1848"]
[BlackElo "2392"]
[PlyCount "70"]
[GameId "2160767911208907"]
[EventDate "2004.01.08"]
[EventType "k.o."]
[EventRounds "4"]
[EventCountry "CAN"]

1. d4 Nf6 2. c4 c5 3. d5 b5 4. cxb5 a6 5. bxa6 g6 6. Nc3 Bxa6 7. e4 Bxf1 8. Kxf1 d6 9. Nf3 Nbd7 10. h3 Bg7 11. Kg1 O-O 12. Kh2 Qa5 13. Re1 Rfb8 14. Re2 Ne8 15. Rc2 Nc7 16. Qe2 Nb5 17. Bd2 Ne5 18. Nxb5 Qxb5 19. Qxb5 Rxb5 20. Bc3 Nd3 21. Bxg7 Kxg7 22. b3 Rxb3 23. Nd2 Nb4 24. axb3 Rxa1 25. Rb2 Nd3 26. Rc2 Nxf2 27. Kg3 Nd3 28. Nc4 Re1 29. Rc3 Nb4 30. Kf3 f5 31. Ne3 fxe4+ 32. Kxe4 Re2 33. Kf3 Rd2 34. Ke4 Rd4+ 35. Kf3 Nxd5 0-1

[Event "Edmonton-ch"]
[Site "Edmonton CAN"]
[Date "2004.01.29"]
[Round "2.2"]
[White "Karmali, Hafiz"]
[Black "Li, Zhichao"]
[Result "0-1"]
[WhiteElo "1887"]
[BlackElo "2296"]
[PlyCount "64"]
[GameId "2160767911208908"]
[EventDate "2004.01.08"]
[EventType "k.o."]
[EventRounds "4"]
[EventCountry "CAN"]

1. e4 c5 2. Nc3 Nc6 3. g3 g6 4. Bg2 Bg7 5. Nge2 e6 6. O-O Nge7 7. Re1 O-O 8. d3 d6 9. Be3 Nd4 10. Qd2 Nec6 11. Nd1 f5 12. Nxd4 cxd4 13. Bh6 fxe4 14. Bxg7 Kxg7 15. Rxe4 e5 16. Rh4 h5 17. f4 Bf5 18. Nf2 Qb6 19. fxe5 Qxb2 20. Re1 Nxe5 21. h3 Rac8 22. Re2 Rh8 23. Ne4 Bxe4 24. Bxe4 Rcf8 25. Qa5 Qc1+ 26. Kh2 Rf7 27. Bd5 Rhf8 28. Qd2 Qf1 29. Rg2 Rf2 30. Qg5 Nf3+ 31. Bxf3 R8xf3 32. Qe7+ Rf7 0-1

[Event "Edmonton-ch"]
[Site "Edmonton CAN"]
[Date "2004.01.29"]
[Round "2.2"]
[White "Rekhson, Vladislav"]
[Black "Gardner, Robert"]
[Result "1/2-1/2"]
[WhiteElo "2020"]
[BlackElo "2260"]
[PlyCount "63"]
[GameId "2160767911208909"]
[EventDate "2004.01.08"]
[EventType "k.o."]
[EventRounds "4"]
[EventCountry "CAN"]

1. d4 d5 2. c4 e6 3. Nc3 c6 4. Bf4 Bd6 5. e3 Bxf4 6. exf4 dxc4 7. Bxc4 Nf6 8. Nf3 Nbd7 9. O-O O-O 10. a4 Nb6 11. Bd3 Nbd5 12. Qd2 Qd6 13. Ne5 b6 14. f3 Nb4 15. Be2 Rd8 16. Rfd1 Ba6 17. Kh1 Bxe2 18. Qxe2 Nbd5 19. Qd2 Nxc3 20. Qxc3 c5 21. Rd3 cxd4 22. Qd2 Rac8 23. Rd1 Ne8 24. h3 f6 25. Ng4 h5 26. Nf2 Rc4 27. b3 Rb4 28. Ne4 Qe7 29. Qf2 e5 30. Qh4 Nd6 31. Nxd6 Rxd6 32. Qxh5 1/2-1/2

[Event "Edmonton-ch"]
[Site "Edmonton CAN"]
[Date "2004.02.03"]
[Round "2.3"]
[White "Karmali, Hafiz"]
[Black "Li, Zhichao"]
[Result "1/2-1/2"]
[WhiteElo "1887"]
[BlackElo "2296"]
[PlyCount "89"]
[GameId "2160767911208910"]
[EventDate "2004.01.08"]
[EventType "k.o."]
[EventRounds "4"]
[EventCountry "CAN"]

1. d4 d5 2. e3 Nf6 3. Bd3 g6 4. f4 Bg7 5. Nf3 O-O 6. O-O c5 7. c3 Nbd7 8. Nbd2 b6 9. Ne5 Bb7 10. Ndf3 Ne4 11. Bd2 f6 12. Nxd7 Qxd7 13. Be1 Rad8 14. Bh4 Bc6 15. Qe2 Nd6 16. Rad1 Bb5 17. dxc5 bxc5 18. Nd2 Bxd3 19. Qxd3 Qf5 20. Qxf5 Nxf5 21. Bf2 Nd6 22. e4 Nb7 23. Nb3 c4 24. Nc5 Nxc5 25. Bxc5 dxe4 26. Bxe7 Rxd1 27. Rxd1 Rb8 28. Ba3 Rb7 29. Rd4 Rc7 30. Rxe4 f5 31. Re2 Kf7 32. Kf2 Rd7 33. Ke1 Bf6 34. g3 h5 35. Rd2 Rxd2 36. Kxd2 Ke6 37. Bc5 a6 38. Bd4 Be7 39. b4 Kd5 40. Ke3 Kc6 41. Be5 Kd5 42. a4 Bf8 43. Bf6 Bd6 44. Bd8 Bf8 45. Bf6 1/2-1/2

[Event "Edmonton-ch"]
[Site "Edmonton CAN"]
[Date "2004.02.03"]
[Round "2.4"]
[White "Li, Zhichao"]
[Black "Karmali, Hafiz"]
[Result "1-0"]
[WhiteElo "2296"]
[BlackElo "1887"]
[PlyCount "83"]
[GameId "2160767911208911"]
[EventDate "2004.01.08"]
[EventType "k.o."]
[EventRounds "4"]
[EventCountry "CAN"]

1. e4 e6 2. d4 d5 3. exd5 exd5 4. Bd3 Bd6 5. Nf3 Nf6 6. O-O O-O 7. c3 Re8 8. Bg5 Nbd7 9. Nbd2 Nf8 10. Qc2 h6 11. Bh4 c6 12. Rfe1 Rxe1+ 13. Rxe1 Bg4 14. Ne5 g5 15. Nxg4 Nxg4 16. Bg3 Kg7 17. Bf5 Nf6 18. Nf3 Nh5 19. Bxd6 Qxd6 20. g3 b5 21. Kg2 Nf6 22. h4 gxh4 23. Nxh4 Re8 24. Bd3 Qd7 25. Nf5+ Kh8 26. Rh1 Ng8 27. Qd2 Re6 28. Qf4 Rg6 29. Qe5+ f6 30. Qe3 Nh7 31. Nxh6 Rxh6 32. Rxh6 Nxh6 33. Qxh6 f5 34. g4 fxg4 35. Qxh7+ Qxh7 36. Bxh7 Kxh7 37. Kg3 Kg6 38. Kxg4 Kf6 39. b4 Kg6 40. Kf4 Kf6 41. f3 Ke6 42. Kg5 1-0

[Event "Edmonton-ch"]
[Site "Edmonton CAN"]
[Date "2004.02.05"]
[Round "3.1"]
[White "Gardner, Robert"]
[Black "Li, Zhichao"]
[Result "1/2-1/2"]
[WhiteElo "2260"]
[BlackElo "2296"]
[PlyCount "165"]
[GameId "2160767911208912"]
[EventDate "2004.01.08"]
[EventType "k.o."]
[EventRounds "4"]
[EventCountry "CAN"]

1. e4 c6 2. d4 d5 3. e5 Bf5 4. Nf3 e6 5. Be2 Ne7 6. O-O c5 7. c3 Nec6 8. Be3 Qb6 9. Qb3 c4 10. Qxb6 axb6 11. Nbd2 b5 12. a3 Be7 13. Bg5 Bxg5 14. Nxg5 h6 15. Ngf3 Bg4 16. h3 Bxf3 17. Bxf3 Nd7 18. g3 Kd8 19. Bg2 Kc7 20. f4 g6 21. g4 Ne7 22. Rae1 Nb6 23. Rf2 h5 24. Nf1 hxg4 25. hxg4 Kd7 26. Ne3 Rag8 27. Rf3 Na4 28. Re2 Rh7 29. Rh3 Rxh3 30. Bxh3 g5 31. f5 Nb6 32. Rf2 Ke8 33. Bf1 Rh8 34. fxe6 fxe6 35. Rf6 Kd7 36. Nf5 Na4 37. Ng7 Rh4 38. Be2 Nxb2 39. Rxe6 Na4 40. Rd6+ Kc8 41. Nf5 Nxf5 42. gxf5 Nxc3 43. Bf3 Rxd4 44. e6 Ne4 45. Bxe4 Rxe4 46. f6 Kc7 47. Rd7+ Kc6 48. f7 Rxe6 49. f8=Q Kxd7 50. Qf7+ Re7 51. Qxd5+ Kc8 52. Qxb5 Kb8 53. Qxc4 Rc7 54. Qg8+ Rc8 55. Qxg5 Rc6 56. Qe5+ Ka8 57. Kf2 Ra6 58. Qc5 Rc6 59. Qb4 Ra6 60. Ke3 Rc6 61. Kd4 Ra6 62. Qf8+ Ka7 63. Kd5 Rc6 64. a4 Ra6 65. Qc5+ Kb8 66. Qb5 Rc6 67. Kd4 Ra6 68. Kc5 Rc6+ 69. Kb4 Ra6 70. a5 Rc6 71. Qd5 Ra6 72. Kb5 Rc6 73. Qd8+ Ka7 74. Qe7 Ra6 75. Qg7 Rc6 76. Qh8 Ra6 77. Qh7 Rc6 78. Qg8 Ra6 79. Qf7 Rc6 80. Qf2+ Ka8 81. Qg2 Ra6 82. Qh1 Rc6 83. Qh8+ 1/2-1/2

[Event "Edmonton-ch"]
[Site "Edmonton CAN"]
[Date "2004.02.12"]
[Round "3.2"]
[White "Reeve, Jeff"]
[Black "Hughey, Micah"]
[Result "1/2-1/2"]
[WhiteElo "2386"]
[BlackElo "2013"]
[PlyCount "129"]
[GameId "2160767911208913"]
[EventDate "2004.01.08"]
[EventType "k.o."]
[EventRounds "4"]
[EventCountry "CAN"]

1. e4 e5 2. Nf3 Nc6 3. d4 exd4 4. Nxd4 Nf6 5. Nxc6 bxc6 6. e5 Qe7 7. Qe2 Nd5 8. c4 Ba6 9. b3 O-O-O 10. g3 Re8 11. Bb2 f6 12. Bg2 fxe5 13. Nd2 Qf7 14. O-O-O Bb4 15. Ne4 Nf6 16. a3 Be7 17. Bh3 Rd8 18. Ng5 Qf8 19. Qxe5 Bxa3 20. Qa5 Bxb2+ 21. Kxb2 Bb7 22. f4 Kb8 23. Bg2 h6 24. Nf3 c5 25. Nh4 Bxg2 26. Nxg2 Ne4 27. Rhe1 Qf6+ 28. Kc2 Rhe8 29. Ne3 Qb6 30. Qxb6+ cxb6 31. Nf5 g5 32. Nxh6 gxf4 33. Nf7 Rc8 34. gxf4 Rf8 35. Rxe4 Rxf7 36. Rf1 Rh8 37. Rf2 Rh3 38. f5 Rf6 39. Rg4 Rh5 40. Rgf4 Kc7 41. Kd3 Rh3+ 42. Ke4 Kd6 43. Rg4 Rxb3 44. Rd2+ Ke7 45. Rg7+ Rf7 46. Rxd7+ Kxd7 47. Rxf7+ Ke8 48. Rxa7 Rh3 49. Kd5 Rxh2 50. Rb7 Rd2+ 51. Ke6 Re2+ 52. Kf6 Re4 53. Rb8+ Kd7 54. Rxb6 Rxc4 55. Kg7 Rg4+ 56. Kf8 c4 57. f6 c3 58. Rb7+ Kc8 59. Rb1 c2 60. Rc1 Rc4 61. f7 Kd7 62. Kg7 Rg4+ 63. Kf6 Rf4+ 64. Kg7 Rg4+ 65. Kf6 1/2-1/2

[Event "Edmonton-ch"]
[Site "Edmonton CAN"]
[Date "2004.02.13"]
[Round "3.2"]
[White "Li, Zhichao"]
[Black "Gardner, Robert"]
[Result "0-1"]
[WhiteElo "2296"]
[BlackElo "2260"]
[PlyCount "90"]
[GameId "2160767911208914"]
[EventDate "2004.01.08"]
[EventType "k.o."]
[EventRounds "4"]
[EventCountry "CAN"]

1. d4 Nf6 2. Nf3 g6 3. c3 Bg7 4. Bf4 d5 5. e3 Nh5 6. Bd3 Nxf4 7. exf4 Qd6 8. g3 c5 9. dxc5 Qxc5 10. Nbd2 Nc6 11. Qc2 O-O 12. O-O Bh3 13. Rfe1 Rac8 14. Qa4 a6 15. Nb3 Qd6 16. Nbd4 b5 17. Qd1 Nxd4 18. Nxd4 b4 19. Qd2 bxc3 20. bxc3 Rc7 21. Re3 Rfc8 22. Bf1 Bxf1 23. Rxf1 e6 24. Rb1 Qa3 25. Rb3 Qa5 26. Qb2 Bxd4 27. cxd4 Rc2 28. Qa3 Qd2 29. Rf3 Rxa2 30. Qe7 Qxd4 31. Rbd3 Qc5 32. Qf6 Rc2 33. Kg2 a5 34. g4 Qf8 35. Qa1 R2c5 36. Ra3 Qd8 37. Rh3 d4 38. Qe1 Qd5+ 39. f3 Rc1 40. Qxa5 Qxa5 41. Rxa5 R8c2+ 42. Kg3 d3 43. f5 d2 44. fxg6 hxg6 45. Ra8+ Rc8 0-1

[Event "Edmonton-ch"]
[Site "Edmonton CAN"]
[Date "2004.02.19"]
[Round "4.1"]
[White "Gardner, Robert"]
[Black "Hughey, Micah"]
[Result "1-0"]
[WhiteElo "2260"]
[BlackElo "2013"]
[PlyCount "83"]
[GameId "2160767911208915"]
[EventDate "2004.01.08"]
[EventType "k.o."]
[EventRounds "4"]
[EventCountry "CAN"]
[SourceTitle "Micah Hughey"]

1. g3 d5 2. Bg2 c5 3. d3 Nc6 4. Nf3 g6 5. Nbd2 Bg7 6. c4 e6 7. O-O Nge7 8. Rb1 O-O 9. b3 b6 10. Bb2 d4 11. a3 a5 12. Ne1 Ra7 13. Nc2 Bb7 14. Ba1 Qd7 15. b4 axb4 16. axb4 cxb4 17. Nxb4 Rxa1 18. Nxc6 Rxb1 19. Nxe7+ Qxe7 20. Qxb1 Bxg2 21. Kxg2 Qc5 22. Qb2 Ra8 23. Rb1 h5 24. Ne4 Qf5 25. Qxb6 h4 26. h3 hxg3 27. fxg3 Be5 28. Rf1 Qh5 29. Rxf7 Kxf7 30. Qb7+ Bc7 31. Qxa8 Qxe2+ 32. Nf2 Ke7 33. Qe4 Qxe4+ 34. Nxe4 e5 35. Kf3 Ke6 36. h4 Bd8 37. Kg4 Be7 38. h5 gxh5+ 39. Kxh5 Kf5 40. c5 Bd8 41. g4+ Kf4 42. g5 1-0

[Event "Edmonton-ch"]
[Site "Edmonton CAN"]
[Date "2004.02.19"]
[Round "4.1"]
[White "Reeve, Jeff"]
[Black "Li, Zhichao"]
[Result "1/2-1/2"]
[WhiteElo "2392"]
[BlackElo "2296"]
[PlyCount "128"]
[GameId "2160767911208916"]
[EventDate "2004.01.08"]
[EventType "k.o."]
[EventRounds "4"]
[EventCountry "CAN"]

1. e4 c6 2. d4 d5 3. Nc3 dxe4 4. Nxe4 Bf5 5. Ng3 Bg6 6. h4 h6 7. Nf3 Nd7 8. h5 Bh7 9. Bd3 Bxd3 10. Qxd3 e6 11. Bd2 Ngf6 12. O-O-O Be7 13. Kb1 O-O 14. Ne4 Nxe4 15. Qxe4 Nf6 16. Qe2 Qd5 17. Ne5 Qe4 18. Qxe4 Nxe4 19. Be3 Rfd8 20. g4 Bg5 21. f4 Bxf4 22. Bxf4 Nf2 23. Be3 Nxd1 24. Rxd1 c5 25. c4 cxd4 26. Rxd4 Rxd4 27. Bxd4 f6 28. Nf3 e5 29. Be3 Rd8 30. Kc2 a6 31. Nd2 g6 32. hxg6 Kg7 33. Ne4 Rd7 34. b4 Kxg6 35. c5 f5 36. gxf5+ Kxf5 37. Nd6+ Kg6 38. a4 h5 39. Bf2 Kf6 40. Kc3 Ke6 41. b5 axb5 42. axb5 Kd5 43. Kb4 b6 44. Nc4 bxc5+ 45. Bxc5 Rg7 46. Ne3+ Ke6 47. b6 h4 48. Kb5 h3 49. Nf1 Kd7 50. b7 Kc7 51. Ka6 Rg8 52. Ka7 Kc6 53. Be7 Rg2 54. b8=N+ Kd5 55. Ne3+ Ke6 56. Nxg2 h2 57. Ne3 h1=Q 58. Bc5 Qb1 59. Bb6 e4 60. Kb7 Kd6 61. Nc4+ Kd5 62. Ne3+ Ke5 63. Na6 Kf4 64. Nb4 Kf3 1/2-1/2

[Event "Edmonton-ch"]
[Site "Edmonton CAN"]
[Date "2004.02.26"]
[Round "4.2"]
[White "Hughey, Micah"]
[Black "Gardner, Robert"]
[Result "1/2-1/2"]
[WhiteElo "2013"]
[BlackElo "2260"]
[PlyCount "123"]
[GameId "2160767911208917"]
[EventDate "2004.01.08"]
[EventType "k.o."]
[EventRounds "4"]
[EventCountry "CAN"]

1. d4 Nf6 2. c4 c5 3. d5 b5 4. cxb5 a6 5. bxa6 g6 6. Nc3 Bxa6 7. e4 Bxf1 8. Kxf1 d6 9. Nf3 Bg7 10. h3 O-O 11. Kg1 Nbd7 12. Kh2 Qa5 13. Re1 Ne8 14. Bg5 f6 15. Bh4 Nc7 16. Qc2 Rfb8 17. Nd2 Nb5 18. Nxb5 Rxb5 19. Re3 Rab8 20. Ra3 Qc7 21. Rb3 Rxb3 22. Nxb3 Qb7 23. Rb1 Qb4 24. Nd2 Bh6 25. Nc4 Bf4+ 26. Bg3 Bxg3+ 27. Kxg3 Rf8 28. a3 Qb7 29. Na5 Qa8 30. Nc6 Rf7 31. a4 Ne5 32. Nxe5 fxe5 33. Ra1 Rf8 34. a5 Qa6 35. b3 Rb8 36. Qc4 Qa7 37. Ra4 Qb7 38. Ra3 Qa7 39. Ra4 Qb7 40. Ra3 Qa7 41. a6 Rb4 42. Qe2 Rb6 43. Qg4 Kg7 44. Qc8 Rb8 45. Qc6 Rb6 46. Qxb6 Qxb6 47. a7 Qb4 48. a8=Q Qd2 49. h4 g5 50. Kh3 Qxf2 51. hxg5 Qe3+ 52. g3 Qxe4 53. Qa4 Qh1+ 54. Kg4 Qd1+ 55. Kh4 Qh1+ 56. Kg4 Qd1+ 57. Kf5 Qxd5 58. Qc4 e6+ 59. Kg4 Qd1+ 60. Kh3 Qh1+ 61. Kg4 Qd1+ 62. Kh4 1/2-1/2

[Event "Edmonton-ch"]
[Site "Edmonton CAN"]
[Date "2004.02.26"]
[Round "4.2"]
[White "Li, Zhichao"]
[Black "Reeve, Jeff"]
[Result "1/2-1/2"]
[WhiteElo "2296"]
[BlackElo "2392"]
[PlyCount "99"]
[GameId "2160767911208918"]
[EventDate "2004.01.08"]
[EventType "k.o."]
[EventRounds "4"]
[EventCountry "CAN"]

1. c4 g6 2. g3 Bg7 3. Bg2 d6 4. Nc3 Nf6 5. e4 O-O 6. Nge2 e5 7. O-O Be6 8. d3 Qd7 9. b4 Bh3 10. a4 Bxg2 11. Kxg2 Nh5 12. b5 f5 13. Ba3 f4 14. f3 fxg3 15. hxg3 Qe6 16. c5 Nd7 17. Nd5 Rac8 18. Qb3 Rf7 19. c6 bxc6 20. bxc6 Nc5 21. Qc4 Bf8 22. Rab1 Nf6 23. Nec3 h5 24. Nxf6+ Rxf6 25. Nd5 Rf7 26. Bc1 Kh7 27. Be3 Bh6 28. Bxh6 Kxh6 29. d4 exd4 30. Qxd4 Rcf8 31. Nf4 Qa2+ 32. Rb2 Qa3 33. Qb4 Qxa4 34. Qxa4 Nxa4 35. Ra2 Nc5 36. Rxa7 Rb8 37. Rf2 Rb6 38. Rc2 Rxc6 39. Ne6 Re7 40. Nf4 Ra6 41. Rxa6 Nxa6 42. Nd5 Re8 43. Rc6 Ra8 44. Nxc7 Nxc7 45. Rxc7 Ra2+ 46. Kf1 Kg5 47. Rb7 Kf6 48. Rb5 Ke6 49. Rd5 Rb2 50. Kg1 1/2-1/2

[Event "Edmonton-ch Reserves"]
[Site "Edmonton CAN"]
[Date "2004.01.08"]
[Round "1"]
[White "White, Daniel"]
[Black "Dauphinais, Paul "]
[Result "1-0"]
[WhiteElo "1507"]
[BlackElo "1168"]
[PlyCount "33"]
[GameId "2160767911208919"]
[EventDate "2004.01.08"]
[EventType "swiss"]
[EventRounds "8"]
[EventCountry "CAN"]

1. Nf3 d5 2. c4 dxc4 3. Qa4+ Nc6 4. Qxc4 e6 5. d4 Bb4+ 6. Nc3 Nge7 7. a3 Ba5 8. b4 Bb6 9. e3 O-O 10. Bd3 Nf5 11. Bb2 Re8 12. Na4 a5 13. b5 Na7 14. Nxb6 cxb6 15. Qc3 Nd6 16. d5 exd5 17. Qxg7# 1-0

[Event "Edmonton-ch Reserves"]
[Site "Edmonton CAN"]
[Date "2004.02.27"]
[Round "6"]
[White "White, Daniel"]
[Black "Skrzypniak, George "]
[Result "0-1"]
[WhiteElo "1507"]
[BlackElo "1739"]
[PlyCount "110"]
[GameId "2160767911208920"]
[EventDate "2004.01.08"]
[EventType "swiss"]
[EventRounds "8"]
[EventCountry "CAN"]

1. Nf3 d5 2. c4 Nf6 3. d4 c6 4. e3 Bf5 5. Nc3 e6 6. cxd5 exd5 7. Bd3 Bxd3 8. Qxd3 Be7 9. O-O O-O 10. Re1 Nbd7 11. e4 dxe4 12. Nxe4 Re8 13. Nxf6+ Nxf6 14. Bg5 Nd5 15. Bxe7 Rxe7 16. Rxe7 Qxe7 17. Re1 Qd7 18. Qe4 f6 19. Qe6+ Qxe6 20. Rxe6 Kf7 21. Re2 Re8 22. Rxe8 Kxe8 23. a3 Ke7 24. Kf1 Kd6 25. Nd2 Nf4 26. g3 Ne6 27. Nc4+ Kd5 28. Ne3+ Kxd4 29. Ke2 c5 30. Nf5+ Ke5 31. Ne3 b5 32. Kd3 h5 33. f4+ Kd6 34. h3 a5 35. Kc3 Nd4 36. Kd3 g6 37. b4 axb4 38. axb4 Nf5 39. Nxf5+ gxf5 40. bxc5+ Kxc5 41. Kc3 Kd5 42. Kb4 Ke4 43. Kxb5 Kf3 44. Kc5 Kxg3 45. Kd5 Kxf4 46. Ke6 Ke4 47. Kxf6 f4 48. Kg5 f3 49. Kxh5 f2 50. Kg4 f1=Q 51. h4 Qf5+ 52. Kg3 Qh5 53. Kh3 Kf3 54. Kh2 Qxh4+ 55. Kg1 Qh8 0-1

[Event "Edmonton-ch Reserves"]
[Site "Edmonton CAN"]
[Date "2004.02.27"]
[Round "6"]
[White "Wihnon, Jason"]
[Black "Culjaga, Nikolai"]
[Result "0-1"]
[WhiteElo "1731"]
[BlackElo "1947"]
[PlyCount "74"]
[GameId "2160767911208921"]
[EventDate "2004.01.08"]
[EventType "swiss"]
[EventRounds "8"]
[EventCountry "CAN"]

1. e4 c5 2. Nf3 d6 3. d4 cxd4 4. Nxd4 Nf6 5. Nc3 a6 6. Bc4 Nc6 7. f4 e6 8. Bb3 Bd7 9. f5 Nxe4 10. fxe6 fxe6 11. Qf3 Nxd4 12. Qxe4 Nxb3 13. axb3 Qb6 14. Be3 Qc6 15. Qg4 d5 16. O-O Bc5 17. Bxc5 Qxc5+ 18. Kh1 O-O-O 19. Na4 Qd6 20. Qd4 Bxa4 21. Rxa4 Rhf8 22. Re1 e5 23. Qa7 Rf6 24. Qe3 Rdf8 25. Raa1 Kb8 26. Rad1 Rf2 27. Qg3 g6 28. h3 R8f4 29. Qg5 Rf5 30. Qh6 d4 31. Qxh7 Qc6 32. Qg8+ Rf8 33. Qxf8+ Rxf8 34. Rxe5 Qxc2 35. Rxd4 Rf1+ 36. Kh2 Qc7 37. Rde4 Rf5 0-1

[Event "Edmonton-ch Reserves"]
[Site "Edmonton CAN"]
[Date "2004.02.27"]
[Round "6"]
[White "Yamach, Ahmet"]
[Black "Rekhson, Vladislav"]
[Result "1/2-1/2"]
[WhiteElo "1831"]
[BlackElo "2020"]
[PlyCount "128"]
[GameId "2160767911208922"]
[EventDate "2004.01.08"]
[EventType "swiss"]
[EventRounds "8"]
[EventCountry "CAN"]

1. c4 e5 2. Nc3 Nf6 3. d3 Bb4 4. a3 Bxc3+ 5. bxc3 d6 6. g3 O-O 7. Bg2 c6 8. a4 Nbd7 9. a5 Rb8 10. Nf3 Nh5 11. Nd2 f5 12. e3 Nhf6 13. Nb3 Re8 14. O-O Nf8 15. a6 Qb6 16. axb7 Bxb7 17. Na5 Ba8 18. Qc2 c5 19. Bxa8 Rxa8 20. Bd2 Rab8 21. Rfb1 Qc7 22. Qa4 Rxb1+ 23. Rxb1 Rb8 24. Rxb8 Qxb8 25. Qb5 Qc7 26. Nc6 Kf7 27. Qa6 N8d7 28. Nxa7 Qb6 29. Qxb6 Nxb6 30. Nb5 e4 31. Nxd6+ Ke6 32. Nb7 Na4 33. d4 Kd7 34. Na5 Kc7 35. Kf1 Nb2 36. Ke2 Kb6 37. Nb3 Nd7 38. Bc1 Nxc4 39. Nd2 Kb5 40. Nxc4 Kxc4 41. Ba3 cxd4 42. cxd4 Nf6 43. h3 h5 44. Bf8 g6 45. Bg7 Nd5 46. Be5 Kc3 47. f3 Kc4 48. fxe4 fxe4 49. g4 Kc3 50. gxh5 gxh5 51. Bg7 Kc2 52. Bh6 Kc3 53. Kf2 Kd2 54. Kg3 Ke2 55. Kh4 Nxe3 56. Bxe3 Kxe3 57. d5 Kf4 58. d6 e3 59. d7 e2 60. d8=Q e1=Q+ 61. Kxh5 Qe5+ 62. Kg6 Qe6+ 63. Qf6+ Qxf6+ 64. Kxf6 Kg3 1/2-1/2

[Event "Estival 2"]
[Site "Charlesbourg CAN"]
[Date "2004.07.26"]
[Round "2"]
[White "Mooney, Michel"]
[Black "Lessard, Claude"]
[Result "0-1"]
[WhiteElo "1619"]
[BlackElo "2101"]
[PlyCount "54"]
[GameId "2160767911094963"]
[EventDate "2004.07.19"]
[EventType "swiss"]
[EventRounds "5"]
[EventCountry "CAN"]

1. e4 c5 2. Nf3 d6 3. d4 cxd4 4. Nxd4 Nf6 5. Nc3 g6 6. Be2 Bg7 7. Be3 O-O 8. Qd2 Nc6 9. O-O-O Nxd4 10. Bxd4 Be6 11. f3 Rc8 12. g4 Qa5 13. b3 Rxc3 14. Qxc3 Qxa2 15. g5 Nh5 16. Bxg7 Nxg7 17. Rd4 Qa3+ 18. Kb1 Rc8 19. Qd2 Nh5 20. e5 dxe5 21. Rd8+ Rxd8 22. Qxd8+ Kg7 23. Qc7 f6 24. gxf6+ Kxf6 25. Re1 Qb4 26. Rd1 Nf4 27. Bf1 Nd5 0-1

[Event "Estival 2"]
[Site "Charlesbourg CAN"]
[Date "2004.08.09"]
[Round "5"]
[White "Valley, Michel"]
[Black "Tremblay, Rejean"]
[Result "1/2-1/2"]
[WhiteElo "1834"]
[BlackElo "2268"]
[PlyCount "54"]
[GameId "2160767911094964"]
[EventDate "2004.07.19"]
[EventType "swiss"]
[EventRounds "5"]
[EventCountry "CAN"]

1. d4 Nf6 2. c4 g6 3. Nc3 Bg7 4. e4 d6 5. Be2 O-O 6. Bg5 c5 7. d5 h6 8. Bf4 Qa5 9. Qd2 Kh7 10. h4 a6 11. Nh3 b5 12. f3 bxc4 13. g4 Nfd7 14. h5 g5 15. Be3 Ne5 16. Nf2 Nbd7 17. f4 gxf4 18. Bxf4 Rb8 19. Rc1 Qb4 20. Rc2 Qa5 21. Nfd1 Nd3+ 22. Bxd3 cxd3 23. Qxd3 Ne5 24. Bxe5 Bxe5 25. Rg2 Rg8 26. O-O f6 27. Ne3 Qc7 1/2-1/2

[Event "Fast Traffic"]
[Site "Ottawa CAN"]
[Date "2004.04.18"]
[Round "1"]
[White "Lidstone, Phil"]
[Black "Pacey, Kevin"]
[Result "0-1"]
[WhiteElo "1785"]
[BlackElo "2223"]
[PlyCount "72"]
[GameId "2160767911166679"]
[EventDate "2004.04.18"]
[EventType "swiss (rapid)"]
[EventRounds "4"]
[EventCountry "CAN"]

1. e4 c5 2. Nf3 d6 3. Bb5+ Nc6 4. d3 g6 5. O-O Bg7 6. Nc3 e6 7. Be3 Nge7 8. Qd2 O-O 9. Bxc6 Nxc6 10. Ng5 Rb8 11. f4 b5 12. Rae1 b4 13. Nd1 Qa5 14. g4 f6 15. Nh3 e5 16. f5 Qxa2 17. g5 fxg5 18. Nxg5 gxf5 19. exf5 Bxf5 20. b3 Nd4 21. Bxd4 cxd4 22. Rxf5 Rxf5 23. Ne6 Qa6 24. Re4 d5 25. Nxg7 Kxg7 26. Rg4+ Kh8 27. Qg2 Qf6 28. h3 Rf8 29. Kh2 Rf1 30. h4 Rxd1 31. h5 Rf1 32. h6 Rf2 33. c4 bxc3 34. Kh3 Qxh6+ 35. Rh4 Qxh4+ 36. Kxh4 Rxg2 0-1

[Event "Fast Traffic"]
[Site "Ottawa CAN"]
[Date "2004.04.18"]
[Round "2"]
[White "Pacey, Kevin"]
[Black "Martin, Spencer"]
[Result "1-0"]
[WhiteElo "2223"]
[BlackElo "1833"]
[PlyCount "83"]
[GameId "2160767911166680"]
[EventDate "2004.04.18"]
[EventType "swiss (rapid)"]
[EventRounds "4"]
[EventCountry "CAN"]

1. d4 Nf6 2. c4 e5 3. dxe5 Ng4 4. Bf4 Nc6 5. Nf3 Bb4+ 6. Nbd2 Qe7 7. e3 O-O 8. Be2 Ngxe5 9. O-O Bxd2 10. Nxe5 Nxe5 11. Qxd2 d6 12. Qc3 Bf5 13. Rac1 Rad8 14. Rfd1 Rfe8 15. c5 d5 16. Qa3 Ng6 17. Bg3 d4 18. Bf3 dxe3 19. Qxe3 Qxe3 20. fxe3 c6 21. Kf2 Nf8 22. Bd6 Ne6 23. h4 h6 24. Rc3 Rd7 25. Rd2 Red8 26. b4 Nc7 27. a4 Be6 28. e4 Na6 29. Rb2 b6 30. Be2 bxc5 31. bxc5 Nc7 32. Bc4 Bxc4 33. Rxc4 Ne6 34. Rcb4 f6 35. Rb8 Rxb8 36. Rxb8+ Kf7 37. a5 Kg6 38. a6 Rd8 39. Rxd8 Nxd8 40. Bb8 Kf7 41. Bxa7 Ke6 42. Bb6 1-0